000 00575nam a22002297a 4500
003 UA-OsUOA
001 50241
007 ta
008 20071108b un ||||| |||| 00| 0 ukr d
100 _aЦендровский В
090 _a281.9
942 _cBK
040 _aUA-OsUOA
_brus
_cUA-OsUOA
_dUA-OsUOA
245 _aИстина высшей пробы
300 _a254 с.
955 _a3
041 _arus
080 _a281.9
260 _aК.
_c2006
650 7 _a281.9 Східна православна церква і скопці
_2UDC
999 _c336348
_d336348